ما نسو ن ا سٹو ر ( ا فسا نے) (Record no. 182835)

MARC details
000 -LEADER
fixed length control field 00646nam a22001937a 4500
005 - DATE AND TIME OF LATEST TRANSACTION
control field 20211207151057.0
010 ## - LCCN (DPL NO)
LC control number UR-11353
020 ## - INTERNATIONAL STANDARD BOOK NUMBER
Terms of availability 200.00
International Standard Book Number 9789390533909
035 ## - SYSTEM CONTROL NUMBER
System control number U-9908
037 ## - SOURCE OF ACQUISITION
Source of stock number/acquisition DBAD/PUB
082 ## - DEWEY DECIMAL CLASSIFICATION NUMBER
Classification number ک
100 ## - MAIN ENTRY--PERSONAL NAME
Personal name ر خشند ہ ر و حی مہند ی
245 ## - TITLE STATEMENT
Title ما نسو ن ا سٹو ر ( ا فسا نے)
Statement of responsibility, etc ر خشند ہ ر و حی مہند ی
246 ## - VARYING FORM OF TITLE
Title proper/short title Monsoon Store(Urdu)
Remainder of title by Rakhshanda Roohi Mehdi
260 ## - PUBLICATION, DISTRIBUTION, ETC. (IMPRINT)
Place of publication, distribution, etc N.Delhi
Date of publication, distribution, etc 2021 ء
Name of publisher, distributor, etc Educational Publishing House
270 ## - ADDRESS
Address D1/16,Ansari Road,Darya Ganj,
City New Delhi
Postal code 110002
Fax number -
300 ## - PHYSICAL DESCRIPTION
Extent 167 ص
Dimensions 22 Cm(Hb)
942 ## - ADDED ENTRY ELEMENTS (KOHA)
Source of classification or shelving scheme Dewey Decimal Classification
Item type Urdu Bks
Classification part ک
Call number suffix ر خ ش
Holdings
Withdrawn status Lost status Not for loan Collection code Home library Current library Date acquired Source of acquisition Cost, normal purchase price Full call number Barcode Copy number Cost, replacement price Koha item type
    Not For Loan Fiction D.B.Act.Division Central Library 07/12/2021 DBAD/PUB 200.00 ک ر خ ش U-9908 1 200.00 Urdu Bks

© Delhi Public Library
Hit Counter
free hit counter